[Event "Mittelrhein Verbandsliga-O 16/17"]
[Site "Nordrheinwestfalen"]
[Date "2016.09.11"]
[Round "1"]
[White "Kiebel, Niklas"]
[Black "Bussard, Achim"]
[Result "1-0"]
[WhiteElo "1875"]
[BlackElo "1812"]
[PlyCount "89"]
[EventDate "2016.09.11"]
[EventType "team-tourn"]
[EventRounds "11"]
[EventCountry "GER"]
[SourceTitle "EXT 2022"]
[Source "ChessBase"]
[SourceDate "2021.10.06"]
[SourceVersion "1"]
[SourceVersionDate "2021.10.06"]
[SourceQuality "1"]
[WhiteTeam "Bruehl II"]
[BlackTeam "Niederkassel II"]
[WhiteTeamCountry "GER"]
[BlackTeamCountry "GER"]

1. e4 Nf6 2. Nc3 d5 3. exd5 Nxd5 4. Bc4 e6 5. Qf3 Nxc3 6. Qxc3 Nc6 7. Nf3 Qf6 8. Qxf6 gxf6 9. d4 Nb4 10. Bb3 c6 11. a3 Nd5 12. c4 Nb6 13. 0-0 h5 14. Re1 Bh6 15. Bxh6 Rxh6 16. Nh4 Kf8 17. a4 a5 18. c5 Nd5 19. Bxd5 cxd5 20. f4 Bd7 21. Re3 f5 22. Rb3 Bc6 23. Rb6 Ke7 24. Kf2 Rg8 25. Ra3 f6 26. Rab3 Kd7 27. h3 Rhh8 28. R3b5 Bxb5 29. Rxb7+ Kc6 30. Rb6+ Kc7 31. axb5 Rb8 32. Rc6+ Kd7 33. Rd6+ Ke8 34. b6 Rh7 35. Rxe6+ Re7 36. Rxf6 Re4 37. Nxf5 Rxf4+ 38. Kg3 Re4 39. Nd6+ Ke7 40. Nxe4 dxe4 41. Rg6 Rf8 42. Rg5 Kf6 43. Re5 Rg8+ 44. Kf2 h4 45. Rxe4 1-0